| 000 | 01030nam a2200289Ia 4500 | ||
|---|---|---|---|
| 001 | u23109 | ||
| 003 | SIRSI | ||
| 005 | 20180219123754.0 | ||
| 007 | he|amb|||bacu | ||
| 008 | 011113s1977 ua a bb 000 0 eng d | ||
| 039 | 9 |
_a200208101346 _bhala _c200208101017 _dhala _y200203190956 _zload |
|
| 040 | _aEAL | ||
| 090 |
_aThesis _bS-4197 |
||
| 100 | 1 | _aHassan, Hassan Mohamed. | |
| 245 | 1 | 4 |
_aThe flowering and bolling behaviour and its relation to boll and lint characters in two cultivars of Egyption cotton _h[microform] / _cby Hassan Mohamed Hassan. |
| 260 | _c1977. | ||
| 300 |
_a93, 3 leaves : _bill. ; _c30 cm. |
||
| 502 | _aThesis (M.S.)--Cairo University, 1977. | ||
| 504 | _aIncludes bibliographical references (leaves 81-93) | ||
| 533 |
_aMicrofiche. _bASUNET, _cAin Shams University, _e2 microfiches : negative. |
||
| 546 | _aSummary in Arabic. | ||
| 596 | _a1 | ||
| 650 | 0 |
_aCotton _xFlowering. |
|
| 650 | 0 |
_aCotton growing _zEgypt. |
|
| 910 | _aH.M. | ||
| 942 |
_cMIC _2lcc |
||
| 999 |
_c3597 _d3597 |
||